[Event "IECC M email"]
[Site "IECC email"]
[Date "1998.09.07"]
[Round "?"]
[White "Hickman, Michael"]
[Black "Tosney, Paul"]
[Result "0-1"]
[WhiteElo "1017"]
[BlackElo "1188"]
[PlyCount "46"]
[EventDate "1998.??.??"]
[EventType "tourn (corr)"]
[EventRounds "12"]
[SourceTitle "Corr 2008"]
[Source "ChessBase"]
[SourceDate "2008.06.24"]
[SourceVersion "1"]
[SourceVersionDate "2008.06.24"]
[SourceQuality "1"]

1. e4 c5 2. Nf3 d6 3. d4 cxd4 4. Nxd4 Nf6 5. Nc3 g6 6. Bg5 Bg7 7. Qd2 h6 8. Bxf6 Bxf6 9. 0-0-0 Nc6 10. Nb3 Be6 11. f4 a5 12. Bb5 Qb6 13. a4 0-0 14. Nd5 Bxd5 15. exd5 Nb4 16. h4 Rac8 17. c3 Bxc3 18. bxc3 Rxc3+ 19. Kb2 Rc2+ 20. Qxc2 Nxc2 21. Kxc2 Rc8+ 22. Kb2 Qf2+ 23. Rd2 Qxf4 0-1

[Event "IECC M email"]
[Site "IECC email"]
[Date "1998.09.07"]
[Round "?"]
[White "Tosney, Paul"]
[Black "Hickman, Michael"]
[Result "1-0"]
[WhiteElo "1188"]
[BlackElo "1017"]
[PlyCount "47"]
[EventDate "1998.??.??"]
[EventType "tourn (corr)"]
[EventRounds "12"]
[SourceTitle "Corr 2008"]
[Source "ChessBase"]
[SourceDate "2008.06.24"]
[SourceVersion "1"]
[SourceVersionDate "2008.06.24"]
[SourceQuality "1"]

1. e4 c5 2. Nf3 Nc6 3. d4 cxd4 4. Nxd4 g6 5. Nc3 Bg7 6. Be3 Nf6 7. f3 0-0 8. Qd2 d6 9. Bc4 Na5 10. Bb3 Nxb3 11. axb3 Bd7 12. 0-0 a6 13. Bh6 Bxh6 14. Qxh6 Qb6 15. Qe3 Qc5 16. Qf2 d5 17. exd5 Nxd5 18. Ne4 Qb6 19. Kh1 e5 20. c4 exd4 21. cxd5 f5 22. Nd2 Rac8 23. Nc4 Qxb3 24. Nd6 1-0